Obálka Náhled e-knihy:
PDF Epub
Pro půjčování e-knih musíte být přihlášeni.
Jak si půjčit online?

Královská sága plná sexu. Kniha třetí, Láska /

Pokračování milostné BDSM ságy o Claře a britském korunním princi Alexandrovi, kteří po mnoha nepříjemných peripetiích s královskou rodinou chystají svatbu století.

Uloženo v:
Série:Královská sága, část 3
Hlavní autor: Lee, Geneva (Autor)
Další autoři: Milotová, Jana, 1989- (Autor)
Médium: E-kniha
Jazyk:Czech
Vydáno: Praha : Dobrovský s.r.o., 2023
Edice:Red
Témata:
Příbuzné jednotky:Z cyklu:: Královská sága
Tagy:
Žádné tagy
LEADER 02524nam a2200481 i 4500
001 311855
003 CZ PrSKC
005 20260601215713.0
007 ta
008 230224s2023 xr e 000 f cze
015 |a cnb003502670 
020 |a 9788027712519  |q (brožováno) 
035 |a (OCoLC)1375349293 
040 |a ABG001  |b cze  |e rda 
041 1 |a cze  |h eng 
072 7 |a 821.111(73)-3  |x Americká próza  |2 Konspekt 
080 |a 821.111(73)-31  |2 MRF 
080 |a (0:82-993)  |2 MRF 
100 1 |a Lee, Geneva  |7 xx0269323  |4 aut 
240 1 0 |a Crown me.  |l Česky 
245 1 0 |a Královská sága plná sexu.  |n Kniha třetí,  |p Láska /  |c Geneva Lee ; přeložila Jana Milotová 
246 3 0 |a Láska 
246 1 4 |a Royal 
264 1 |a Praha :  |b Dobrovský s.r.o.,  |c 2023 
300 |a 270 stran ;  |c 20 cm 
336 |a text  |b txt  |2 rdacontent 
337 |a bez média  |b n  |2 rdamedia 
338 |a svazek  |b nc  |2 rdacarrier 
490 1 |a Red 
500 |a Přeloženo z angličtiny 
520 2 |a Pokračování milostné BDSM ságy o Claře a britském korunním princi Alexandrovi, kteří po mnoha nepříjemných peripetiích s královskou rodinou chystají svatbu století.  |b Clara Bishopová našla v náručí svého prince nepopsatelnou vášeň a lásku, která boří veškeré konvence královského dvora. Po všech překážkách, kterým spolu museli čelit, se zdá, že konečně našli svůj šťastný konec. Přestože se ale každým dnem přibližuje datum svatby, osud jim do cesty připraví ještě jednu zkoušku. Královské lži a intriky zastřely velmi reálnou hrozbu z minulosti, a právě ta nyní může Claru s Alexandrem stát vše, co se jim podařilo s velkým úsilím vybojovat. 
655 7 |a americké romány  |7 fd131796  |2 czenas 
655 7 |a erotické romány  |7 fd132211  |2 czenas 
655 9 |a American fiction  |2 eczenas 
655 9 |a erotic novels  |2 eczenas 
700 1 |a Milotová, Jana,  |d 1989-  |7 xx0282530  |4 trl 
787 0 8 |i Z cyklu:  |t Královská sága  |g 3 
830 0 |a Red 
900 |a ABA001  |b 21 
044 |a xr 
910 |a RBIT002 
998 |d 368485  |a https://core.palmknihy.cz/api/books/368485/cover?rqu544  |b https://core.palmknihy.cz/api/books/368485/cover/400?rqu544  |c https://core.palmknihy.cz/api/books/368485/cover/50?rqu544  |e 2027-02-01  |g 272  |i 9788027712519  |j https://core.palmknihy.cz/api/books/368485/preview.epub  |k https://core.palmknihy.cz/api/books/368485/preview.pdf  |l   |q 49  |r 1  |s https://www.palmknihy.cz/kniha/368485  |t ebook  |y 2023  |z 0  |v Královská sága  |w 3 
999 |d 311853